000 00326nam a2200133Ia 4500
008 240624s9999 xx 000 0 und d
041 _aeng
082 _a657 REI
100 _aREIMERS JANE
245 _aFINANCIAL ACCOUNTING
260 _c2007
_aNew Delhi
_bPearson Education
300 _a814 : p. : cm. ; 28
365 _cRS
_b36
999 _c5650
_d5650